000
00320nam a22001337a 4500
020
_a
0-276-42030-6
041
_a
ENG
100
_a
John .E.K
245
_a
Hoe To Write And Speak Better
260
_a
New York
_b
Reader's Digest
_c
2004
300
_a
655
650
_a
Competitlve Exam
856
_u
Competitlve Exam ( 36 )
999
_c
913
_d
913